| Tag |
First Indicator |
Second Indicator |
Subfields |
| LEADER |
00000cam a2200000 4500 |
| 001 |
in00001908739 |
| 006 |
m | d | |
| 007 |
cr |n||||||||n |
| 008 |
860309s1708 enk|||| s 00||||eng d |
| 005 |
20260408161151.6 |
| 035 |
|
|
|a (CStRLIN)ESTCN22639
|
| 040 |
|
|
|a Cu-RivES
|c Cu-RivES
|d CStRLIN
|d Thomson Gale
|d UtOrBLW
|
| 100 |
1 |
|
|a Harris, William,
|d 1675?-1740.
|
| 245 |
1 |
2 |
|a A sermon occasion'd by the general mourning for the death of the Prince :
|b preached near Aldgate, Nov. 21, 1708. By W. Harris.
|
| 264 |
|
3 |
|a London :
|b printed by J. Humfreys, for John Lawrence,
|c 1708.
|
| 300 |
|
|
|a 16p. ;
|c 8⁰.
|
| 336 |
|
|
|a text
|b txt
|2 rdacontent
|
| 337 |
|
|
|a computer
|b c
|2 rdamedia
|
| 338 |
|
|
|a online resource
|b cr
|2 rdacarrier
|
| 500 |
|
|
|a On the death of Prince George of Denmark.
|
| 500 |
|
|
|a Reproduction of original from the Huntington Library.
|
| 510 |
4 |
|
|a English Short Title Catalog,
|c ESTCN22639.
|
| 533 |
|
|
|a Electronic reproduction.
|b Farmington Hills, Mich. :
|c Thomson Gale,
|d 2003.
|n Available via the World Wide Web.
|n Access limited by licensing agreements
|7 s2003 miunns
|
| 500 |
|
|
|a Electronic resource.
|
| 830 |
|
0 |
|a Eighteenth century collections online.
|
| 856 |
4 |
0 |
|u http://proxy.library.tamu.edu/login?url=https://galenet.galegroup.com/servlet/ECCO?c=1&stp=Author&ste=11&af=BN&ae=N022639&tiPG=1&dd=0&dc=flc&docNum=CW118559167&vrsn=1.0&srchtp=a&d4=0.33&n=10&SU=0LRF&locID=txshracd2898
|z Full text online
|t 0
|
| 999 |
|
|
|a MARS
|
| 999 |
f |
f |
|s 4d0b3040-458c-30ed-b2eb-ac15aab76ede
|i 74453f77-f265-3a08-ab94-aa9ef4efc387
|t 0
|
| 952 |
f |
f |
|a Texas A&M University
|b College Station
|c Electronic Resources
|s www_evans
|d Available Online
|t 0
|h No information provided
|
| 998 |
f |
f |
|t 0
|l Available Online
|